Statistics for Three Real and One Fake - World Geography

Click here to take the quiz!

General Stats

  • This quiz has been taken 56,030 times
  • The average score is 9 of 15

Answer Stats

QuestionAnswer% Correct
Countries in the United NationsGreenland
85%
Countries where German is an official languageNetherlands
84%
National capitalsAuckland
78%
Countries on the EquatorSaudi Arabia
74%
Countries on the Prime MeridianKenya
73%
Cities on the MediterraneanMilan
66%
British overseas territoriesFaroe Islands
64%
Mountains in the AlpsMount Elbrus
60%
Greek islandsKalamata
58%
Seas that Russia touchesNorth Sea
57%
Things that can be found in CanadaRoss Ice Shelf
55%
Animals native to South AmericaCassowary
50%
African Great LakesLake Zambezi
46%
Rivers in ChinaJade River
44%
Cities north of the Arctic CircleNovosibirsk
32%

Score Distribution

Percentile by Number Answered

Percent of People with Each Score

Your Score History

You have not taken this quiz